000 01062ngm a2200265 4500
003 OSt
005 20180523135912.0
008 s2006 fr fre u
020 _a2011254191
020 _a9782011254191
040 _aLB-BrCRDP
082 1 _a372.3
_bDUR
100 1 _aDurandeau, Jean-Pierre
245 1 0 _aPhysique Chimie 5e - CD
260 _aParis
_bHachette éducation
_c2006
490 0 _aDurandeau
500 _a1 cédérom PC pour l'enseignement.
520 _aCe CD permet à l'enseignant une animation en classe par la projection de ressources animées ou de fiches de vidéo-projection. Il constitue un outil pour apprendre aux élèves à décrypter les images, s'exercer au regard critique, différencier le virtuel réel.
650 4 _aPhysique -- Manuels d'enseignement secondaire -- Premier cycle.
650 4 _aChimie -- Manuels d'enseignement secondaire -- Premier cycle.
700 1 _aBramand, Paul
700 1 _aComte, Marie-Jeanne
942 _cVM
_2ddc
999 _c16006
_d16006